[Event "Schach Nienberge 2 - SK Metelen 1"]
[Site "Verbandsklasse 2016/2017"]
[Date "2016.09.24"]
[Round "1.6"]
[White "Van de Vyle, Jan"]
[Black "Gravenkötter, Christian"]
[Result "1/2-1/2"]
[WhiteElo "1736"]
[BlackElo "1689"]
[PlyCount "127"]
[EventDate "2016.??.??"]
[SourceDate "2016.10.13"]

1. e4 e5 2. Nf3 Nc6 3. Bb5 Bc5 4. c3 Nge7 5. d4 exd4 6. cxd4 Bb4+ 7. Nc3 d5 8.
e5 O-O 9. Bd3 h6 10. h3 Nf5 11. Be3 f6 12. exf6 Qxf6 13. O-O Bxc3 14. bxc3 Nd6
15. Kh2 Bf5 16. Bxf5 Nxf5 17. Bc1 Qd6+ 18. Kg1 b6 19. a4 Qd8 20. Ba3 Re8 21.
Ra2 Nd6 22. Bxd6 Qxd6 23. Re1 Kf7 24. Rae2 Rxe2 25. Qxe2 a5 26. Qd3 Rd8 27.
Qf5+ Qf6 28. Qg4 Qd6 29. Qf5+ Qf6 30. Qg4 Qd6 31. Qh5+ Kf8 32. Qf5+ Qf6 33.
Qxf6+ gxf6 34. Re6 Rd6 35. Rxd6 cxd6 36. Kf1 Na7 37. Nd2 b5 38. Nb1 Ke7 39. Ke2
Kd7 40. Kd3 bxa4 41. g4 Nb5 42. Kc2 Ke6 43. Kb2 f5 44. f4 Kf6 45. Na3 Nc7 46.
Nc2 fxg4 47. hxg4 Kg6 48. Ne3 h5 49. gxh5+ Kxh5 50. Ka2 Kg6 51. Kb2 Kf6 52. Ka2
Ke6 53. Kb2 Nb5 54. f5+ Kf6 55. Nxd5+ Kxf5 56. Nb6 a3+ 57. Kb3 a2 58. Kxa2
Nxc3+ 59. Kb3 Ne2 60. Nc4 d5 61. Ne3+ Ke4 62. Nxd5 Nxd4+ 63. Ka4 Nc6 64. Ne7
1/2-1/2

[Event "Schach Nienberge 2 - SK Metelen 1"]
[Site "Verbandsklasse 2016/2017"]
[Date "2016.09.24"]
[Round "1.7"]
[White "Blanke, Martin"]
[Black "Scharlow, Siegmar"]
[Result "1/2-1/2"]
[WhiteElo "1672"]
[BlackElo "1719"]
[PlyCount "46"]
[EventDate "2016.??.??"]
[SourceDate "2016.10.13"]

1. e4 c5 2. Nf3 Nc6 3. Be2 g6 4. c3 Nf6 5. d3 Bg7 6. Nbd2 O-O 7. O-O d5 8. exd5
Nxd5 9. Nb3 b6 10. d4 cxd4 11. Nfxd4 Nxd4 12. Nxd4 Bb7 13. f4 e6 14. Kh1 Rc8
15. Qa4 Qc7 16. Bd2 Ne7 17. Rad1 Nc6 18. Nxc6 Bxc6 19. Qc2 Rfd8 20. Bc1 Bd5 21.
a3 Bc4 22. Rxd8+ Rxd8 23. Bxc4 Qxc4 1/2-1/2

[Event "Schach Nienberge 2 - SK Metelen 1"]
[Site "Verbandsklasse 2016/2017"]
[Date "2016.09.24"]
[Round "1.8"]
[White "Schulte Austum, Frank"]
[Black "Knocks, Elmar"]
[Result "1-0"]
[WhiteElo "1735"]
[BlackElo "1671"]
[PlyCount "65"]
[EventDate "2016.??.??"]
[SourceDate "2016.10.13"]

1. d4 Nf6 2. Nf3 d5 3. Bg5 e6 4. e3 Be7 5. Nbd2 O-O 6. Bd3 b6 7. O-O Bb7 8. Ne5
h6 9. Bh4 Ne4 10. Bxe7 Qxe7 11. f3 Nf6 12. c3 Nbd7 13. Nxd7 Nxd7 14. f4 Nf6 15.
Qf3 c5 16. g4 g6 17. Kg2 Kg7 18. Rh1 Rh8 19. h4 h5 20. g5 Ng4 21. Qg3 f6 22.
gxf6+ Qxf6 23. Be2 Qf5 24. Bxg4 hxg4 25. Qf2 Rh5 26. Kg3 Rah8 27. Qe2 Rxh4 28.
Rxh4 Rxh4 29. Kxh4 Qh5+ 30. Kg3 Qh3+ 31. Kf2 g3+ 32. Kg1 Ba6 33. Qg2 1-0

[Event "Indische Dame Münster 1 - SC Klein-Berl"]
[Site "Verbandsklasse 2016/2017"]
[Date "2016.09.24"]
[Round "1.1"]
[White "Hauk, Viktor"]
[Black "Stevermüer, Rüdiger"]
[Result "1/2-1/2"]
[WhiteElo "1809"]
[BlackElo "1991"]
[PlyCount "24"]
[EventDate "2016.??.??"]
[SourceDate "2016.10.13"]

1. d4 c5 2. d5 g6 3. Nc3 Bg7 4. Nf3 d6 5. e4 a6 6. a4 Nf6 7. Be2 O-O 8. O-O
Nbd7 9. Bf4 Nh5 10. Be3 Nhf6 11. Bf4 Nh5 12. Be3 Nhf6 1/2-1/2

[Event "Indische Dame Münster 1 - SC Klein-Berl"]
[Site "Verbandsklasse 2016/2017"]
[Date "2016.09.24"]
[Round "1.2"]
[White "Knispel-Roth, Martin"]
[Black "van Dijk, Guido"]
[Result "1/2-1/2"]
[WhiteElo "1902"]
[BlackElo "1712"]
[PlyCount "49"]
[EventDate "2016.??.??"]
[SourceDate "2016.10.13"]

1. Nf3 d5 2. g3 Nf6 3. Bg2 c5 4. O-O Nc6 5. d4 cxd4 6. Nxd4 Bd7 7. c4 dxc4 8.
Nxc6 Bxc6 9. Bxc6+ bxc6 10. Qa4 Qb6 11. Nc3 e6 12. Qxc4 Nd5 13. e4 Nxc3 14.
Qxc3 Qc5 15. Qb3 Qb5 16. Be3 Be7 17. Qxb5 cxb5 18. Rac1 Bf6 19. b3 O-O 20. Rc7
a6 21. Rd1 Rfd8 22. Rdd7 Rxd7 23. Rxd7 h6 24. Kg2 Rc8 25. Rd6 1/2-1/2

[Event "Indische Dame Münster 1 - SC Klein-Berl"]
[Site "Verbandsklasse 2016/2017"]
[Date "2016.09.24"]
[Round "1.3"]
[White "Brinkmann, Franz-Josef"]
[Black "Frie, Michael"]
[Result "0-1"]
[WhiteElo "1773"]
[BlackElo "1894"]
[PlyCount "112"]
[EventDate "2016.??.??"]
[SourceDate "2016.10.13"]

1. e4 d6 2. d4 c6 3. Nc3 Qc7 4. Bc4 e5 5. d5 Be7 6. Be3 Nf6 7. Nge2 O-O 8. Ng3
Ng4 9. Nf5 Bxf5 10. exf5 Nxe3 11. fxe3 Qb6 12. Qd3 Bg5 13. e4 Nd7 14. h4 Bh6
15. b3 Nf6 16. Qf3 Rac8 17. g4 Qe3+ 18. Qxe3 Bxe3 19. g5 Bd4 20. Kd2 Bxc3+ 21.
Kxc3 Nxe4+ 22. Kb2 b5 23. Bd3 Nf2 24. Rhg1 Nxd3+ 25. cxd3 cxd5 26. h5 Rc7 27.
Rg2 d4 28. Rf1 f6 29. Rh1 fxg5 30. Rxg5 Rf6 31. h6 Kf8 32. hxg7+ Rxg7 33. Rgh5
Kg8 34. Rf1 Rg2+ 35. Ka3 d5 36. Rc1 Kg7 37. Rc7+ Rf7 38. Rxh7+ Kxh7 39. Rxf7+
Rg7 40. Rf6 e4 41. dxe4 dxe4 42. Re6 e3 43. Kb2 Rg2+ 44. Kc1 Rxa2 45. Kd1 Kg7
46. Rd6 Rd2+ 47. Ke1 a5 48. Rd5 a4 49. bxa4 bxa4 50. Ra5 Kf6 51. Rxa4 Kxf5 52.
Ra8 Ke4 53. Re8+ Kd3 54. Ra8 Rh2 55. Ra3+ Ke4 56. Ra4 Kf3 0-1

[Event "Indische Dame Münster 1 - SC Klein-Berl"]
[Site "Verbandsklasse 2016/2017"]
[Date "2016.09.24"]
[Round "1.4"]
[White "Tenberge, Norbert"]
[Black "Miethe, Christoph"]
[Result "1/2-1/2"]
[WhiteElo "1844"]
[BlackElo "1695"]
[PlyCount "53"]
[EventDate "2016.??.??"]
[SourceDate "2016.10.13"]

1. d4 d5 2. g3 e6 3. Bg2 Nf6 4. Nf3 Be7 5. O-O O-O 6. b3 Nbd7 7. Bb2 b6 8. Nbd2
c5 9. e3 Ba6 10. Re1 Rc8 11. Bf1 Bxf1 12. Rxf1 c4 13. c3 cxb3 14. axb3 a5 15.
c4 Bb4 16. Ba3 Bxa3 17. Rxa3 Qe7 18. Ra4 dxc4 19. bxc4 e5 20. Qb1 h6 21. Qb5
exd4 22. exd4 Qd6 23. Rc1 Rfe8 24. c5 bxc5 25. dxc5 Rxc5 26. Rxc5 Qxc5 27. Qxc5
1/2-1/2

[Event "Indische Dame Münster 1 - SC Klein-Berl"]
[Site "Verbandsklasse 2016/2017"]
[Date "2016.09.24"]
[Round "1.5"]
[White "Huesmann, Stephan"]
[Black "ter Veen, Michael"]
[Result "0-1"]
[WhiteElo "1687"]
[BlackElo "1730"]
[PlyCount "102"]
[EventDate "2016.??.??"]
[SourceDate "2016.10.13"]

1. e4 c5 2. Nf3 g6 3. Bc4 a6 4. a3 Bg7 5. O-O e6 6. Re1 Ne7 7. d3 Nbc6 8. Nbd2
O-O 9. Nf1 d5 10. exd5 exd5 11. Ba2 b5 12. Rb1 h6 13. h3 Nf5 14. Ne3 c4 15. c3
Nxe3 16. Bxe3 Bf5 17. Qd2 Kh7 18. Bc5 Rg8 19. Rbd1 Bxd3 20. Qf4 Qf6 21. Qxf6
Bxf6 22. Rxd3 cxd3 23. Bxd5 Rac8 24. Bxf7 Rg7 25. Bd5 Ne5 26. Be3 Nxf3+ 27.
Bxf3 a5 28. Be4 Rd7 29. Bd2 b4 30. axb4 axb4 31. cxb4 Bxb2 32. b5 Bc3 33. Bxc3
Rxc3 34. b6 d2 35. Rd1 Rc1 36. Bf3 Rxd1+ 37. Bxd1 Rb7 38. Kf1 Rxb6 39. Ke2 Rd6
40. Bc2 h5 41. h4 Kg7 42. f3 Kf6 43. f4 Ke7 44. Kd1 Kf6 45. Ke2 Rd4 46. g3 Ke7
47. Bd1 Kd6 48. Ke3 Kc5 49. Ke2 Kc4 50. Ke3 Rd3+ 51. Ke2 Kc3 0-1

[Event "Indische Dame Münster 1 - SC Klein-Berl"]
[Site "Verbandsklasse 2016/2017"]
[Date "2016.09.24"]
[Round "1.6"]
[White "Glotzbach, Thomas"]
[Black "Wilde, Jürgen"]
[Result "1-0"]
[WhiteElo "1735"]
[BlackElo "1649"]
[PlyCount "101"]
[EventDate "2016.??.??"]
[SourceDate "2016.10.13"]

1. e4 c5 2. c3 Qa5 3. Na3 Nc6 4. Nf3 d6 5. Be2 Nf6 6. d3 b5 7. O-O Bg4 8. Bd2
a6 9. h3 Bh5 10. Nc2 e6 11. b3 Be7 12. g4 Bg6 13. Nh2 h5 14. g5 Nd7 15. f4 f5
16. exf5 Bxf5 17. Bxh5+ g6 18. Bg4 Rxh3 19. Bxh3 Bxh3 20. Qf3 Bxf1 21. Qxc6 Rd8
22. Nxf1 Kf7 23. a4 b4 24. c4 Nb8 25. Qh1 Rg8 26. Re1 Qc7 27. Rxe6 Qc6 28. Qe4
Qxe4 29. Rxe4 Nc6 30. Nfe3 Bf8 31. d4 Na5 32. Na1 Bg7 33. Nec2 Rh8 34. Kg2 Rh4
35. Be1 Rh8 36. d5 Re8 37. Kf3 Nb7 38. Bg3 Rh8 39. Re1 Bc3 40. Rb1 Na5 41. Kg4
Re8 42. Kf3 Ke7 43. Rh1 Kd7 44. Rh7+ Re7 45. Rxe7+ Kxe7 46. Kg4 Nb7 47. f5
gxf5+ 48. Kxf5 Nd8 49. Bh4 Kf8 50. g6 Nb7 51. Bf6 1-0

[Event "Indische Dame Münster 1 - SC Klein-Berl"]
[Site "Verbandsklasse 2016/2017"]
[Date "2016.09.24"]
[Round "1.7"]
[White "Pohlmeier, Ulrich"]
[Black "Dittberner, Markus"]
[Result "0-1"]
[WhiteElo "1588"]
[BlackElo "1665"]
[PlyCount "97"]
[EventDate "2016.??.??"]
[SourceDate "2016.10.13"]

1. d4 Nf6 2. c4 g6 3. g3 Bg7 4. Nf3 d6 5. Bg2 O-O 6. O-O c6 7. Nc3 Qc7 8. e4 e5
9. d5 c5 10. Qc2 Ne8 11. Nb5 Qe7 12. Bd2 Na6 13. Rae1 Nac7 14. Nc3 Bd7 15. a4
b6 16. b3 a6 17. Ra1 f5 18. Qc1 Nf6 19. exf5 gxf5 20. Re1 b5 21. Ng5 bxc4 22.
Ne6 Bxe6 23. dxe6 cxb3 24. Bxa8 Rxa8 25. a5 Qxe6 26. Na4 Nb5 27. Nb6 Ra7 28.
Be3 Rc7 29. Rb1 c4 30. Na8 Rc6 31. Rxb3 d5 32. Rxb5 axb5 33. Nb6 Nd7 34. Qb1 e4
35. Qxb5 d4 36. Bf4 Nxb6 37. axb6 Rxb6 38. Qa5 c3 39. Qa8+ Kf7 40. Qa7+ Kg6 41.
h4 h5 42. g4 fxg4 43. Kg2 Bf6 44. Kg3 Rb2 45. Qa8 Rxf2 46. Rxe4 Rf3+ 47. Kg2
Qc4 48. Qe8+ Qf7 49. Qc6 0-1

[Event "Indische Dame Münster 1 - SC Klein-Berl"]
[Site "Verbandsklasse 2016/2017"]
[Date "2016.09.24"]
[Round "1.8"]
[White "Overesch, Dieter"]
[Black "Engfer, Klaus"]
[Result "1-0"]
[WhiteElo "1689"]
[BlackElo "1554"]
[PlyCount "65"]
[EventDate "2016.??.??"]
[SourceDate "2016.10.13"]

1. d4 d5 2. Nf3 Nf6 3. c3 e6 4. e3 Bd6 5. Nbd2 Nc6 6. Bb5 Bd7 7. O-O O-O 8. Re1
a6 9. Ba4 b5 10. Bc2 e5 11. dxe5 Nxe5 12. Nxe5 Bxe5 13. h3 c6 14. e4 Qc7 15.
Nf3 Rfe8 16. Nxe5 Qxe5 17. f4 Qh5 18. e5 Qh4 19. Be3 Qg3 20. Bf2 Qxf4 21. exf6
Rxe1+ 22. Bxe1 Qxf6 23. Bf2 Re8 24. Qd3 g6 25. Bd4 Qg5 26. Rf1 f5 27. b4 Qh5
28. Qg3 Qe2 29. Bd1 Qe4 30. a4 Bc8 31. Qc7 Qe7 32. Qxc6 Qe4 33. Bf3 1-0